000 00419nam a2200133Ia 4500
008 191206s9999 xx 000 0 und d
020 _a256020892
090 _aHD5880724
245 0 _a"Organization Development: Theory, Practice, and Research"
260 _aBusiness Publications
260 _cc1978
300 _a"xi, 526 p. ; 25 cm."
999 _c16614
_d16614